000 00948nam a22002777a 4500
003 DO-SdBNP
005 20221101125312.0
008 161031b2000 sp 00| 0 spa d
020 _a8479534451
040 _aBPMSU
_bspa
_cBPMSU
082 4 _a158.1
_bJ66q 2000
_222
100 1 _aJohnson, Spencer
_d1938-2017.
245 1 0 _a¿Quién se ha llevado mi queso? :
_b una manera sorprendente de afrontar el cambio en el trabajo y en la vida privada /
_cSpencer Johnson ; traducción José M. Pomares
250 _a19a. ed.
260 _aBarcelona, España :
_bUrano,
_c2000.
300 _a106 p. :
_c23 cm.
490 0 _aEmpresa
_v21
500 _aUna manera sorprendente de afrontar el cambio en el trabajo y en la vida privada.
590 _6Inventariado. 2022/VM
650 4 _aÉxito
650 4 _aEstilo de vida.
650 4 _aConducta (Psicología)
700 1 _aPomares, José M.
_etrad.
910 _aVMateo V./Validado
942 _2ddc
_cBK
999 _c12988
_d12988